000 00517nam a22001937a 4500
005 20260306135510.0
008 260306b |||||||| |||| 00| 0 eng d
020 _a978-0-670-09724-1
_cRs.599.00
040 _aLoreto College
041 _aEnglish
082 _aF
_bLAH
100 _aLahiri,Jhumpa
245 _aRoman Stories
_cJhumpa Lahiri
260 _aGurugram
_bPenguin Random House India
_c2023
300 _a204p.;22cm.
650 _aFiction
850 _aLCBED
942 _cBK
999 _c44262
_d94741